Televízne obrazovky po 1. 1. 1993

Bibliographic Details
Main Author: Polák, Milan, 1932-2022 (Author)
Format: Article
Language:Slovak
Subjects:

MARC

LEADER 00000nab a2200000 a 4500
001 vtls000469037
003 SK-MaSNL
005 20260303210013.0
008 120926c1992 xo 0 slo
015 |a SNBRB19rr/mm-uuuuu 
035 |a CL0469170 
040 |a SNKBUCL  |b slo  |c SNKBUCL  |e AACR2 
041 0 |a slo 
044 |a xo  |c SK 
080 |a 7.097(437)  |2 1981 
100 1 |a Polák, Milan,  |d 1932-2022  |4 aut  |9 102381 
245 1 0 |a Televízne obrazovky po 1. 1. 1993  |c Milan Polák 
610 2 7 |a Československá televízia  |2 snkbucl  |9 215938 
610 1 7 |a Česká televize  |2 snkbucl  |9 206070 
610 2 7 |a Slovenská televízia  |2 snkbucl  |9 115516 
655 7 |a články z novín a časopisov  |2 snkbucl  |9 267496 
773 0 |t Národná obroda  |g Roč. 3, č. 272 (18. 11. 1992), s. 3 
850 |a Slovenská národná knižnica v Martine  |a MTA001 
852 |a SNK  |b KIS3GCP 
958 |a RK 
992 |a RBX 
999 |c 2198243  |d 2200173